Online
Catalog

Vendimia de colores : (Record no. 59501)

MARC details
000 -CABECERA
campo de control de longitud fija 00846nam a2200253 i 4500
003 - IDENTIFICADOR DEL NÚMERO DE CONTROL
campo de control DO-SdBNP
005 - FECHA Y HORA DE LA ÚLTIMA TRANSACCIÓN
campo de control 20250711083747.0
007 - CAMPO FIJO DE DESCRIPCIÓN FÍSICA--INFORMACIÓN GENERAL
campo de control de longitud fija ta
008 - DATOS DE LONGITUD FIJA--INFORMACIÓN GENERAL
campo de control de longitud fija 250711b2024 dr c | |||| 00| 0 spa d
040 ## - FUENTE DE LA CATALOGACIÓN
Centro catalogador/agencia de origen DO-SdBNP
Lengua de catalogación spa
Centro/agencia transcriptor BNPHU
Normas de descripción rda
041 ## - CÓDIGO DE LENGUA
Código de lengua del texto/banda sonora o título independiente spa
082 ## - NÚMERO DE LA CLASIFICACIÓN DECIMAL DEWEY
Número de clasificación xxx
Número de documento/Ítem L791
Número de edición 22
100 ## - ENTRADA PRINCIPAL--NOMBRE DE PERSONA
Nombre de persona Llibre Otero, Manuel F.,
Fechas asociadas al nombre 1966-
Término indicativo de función/relación autor
Código de función/relación aut.
9 (RLIN) 23178
245 10 - MENCIÓN DE TÍTULO
Título Vendimia de colores :
Resto del título emoción, luz y pasión en la dominicanidad /
Mención de responsabilidad, etc. Manuel Llibre Otero, Luis Córdova
264 #1 - PRODUCCIÓN, PUBLICACIÓN, DISTRIBUCIÓN, FABRICACIÓN Y COPYRIGHT
Producción, publicación, distribución, fabricación y copyright Santo Domingo :
Nombre del de productor, editor, distribuidor, fabricante Rafael Delmonte titi,
-- Vinos de autores,
Fecha de producción, publicación, distribución, fabricación o copyright 2024.
300 ## - DESCRIPCIÓN FÍSICA
Extensión 28 páginas
Otras características físicas retratos
Dimensiones 23 cm.
336 ## - TIPO DE CONTENIDO
Término de tipo de contenido texto
Código de tipo de contenido txt
Fuente rdacontent
337 ## - TIPO DE MEDIO
Nombre/término del tipo de medio sin mediación
Código del tipo de medio n
Fuente rdamedia
338 ## - TIPO DE SOPORTE
Nombre/término del tipo de soporte volumen
Código del tipo de soporte nc
Fuente rdacarrier
590 ## - NOTA LOCAL (RLIN)
Nota local Inventariado, 2025/ YL
700 1# - PUNTO DE ACCESO ADICIONAL--NOMBRE DE PERSONA
Nombre de persona Córdova, Luis
Término indicativo de función/relación autor
Código de función/relación aut.
9 (RLIN) 2670
910 ## - DATOS DE OPCIÓN DEL USUARIO (OCLC)
Datos de opción del usuario YLockward
942 ## - ELEMENTOS DE PUNTO DE ACCESO ADICIONAL (KOHA)
Fuente del sistema de clasificación o colocación Dewey Decimal Classification
Tipo de ítem Koha Folleto
Holdings
Estado de retiro Estado de pérdida Fuente del sistema de clasificación o colocación Restricciones de uso No para préstamo Código de colección Localización permanente Ubicación/localización actual Ubicación en estantería Fecha de adquisición Fuente de adquisición Total de préstamos Signatura topográfica completa Código de barras Fecha visto por última vez Precio válido a partir de Tipo de ítem Koha Número de copia
    Dewey Decimal Classification Excluido de préstamo   Patrimonio Dominicano Folletos Biblioteca Nacional Pedro Henríquez Ureña Biblioteca Nacional Pedro Henríquez Ureña En catalogación 23.05.2025 Depósito Legal editora Búho   BNPHU F-PD xxx L791 2025-6424 11.07.2025 11.07.2025 Folleto  
    Dewey Decimal Classification Excluido de préstamo   Patrimonio Dominicano Folletos Biblioteca Nacional Pedro Henríquez Ureña Biblioteca Nacional Pedro Henríquez Ureña En catalogación 23.05.2025 Depósito Legal editora Búho   BNPHU F-PD xxx L791 2025-6425 11.07.2025 11.07.2025 Folleto e. 2
    Dewey Decimal Classification Préstamo en sala   Dominicana de Servicio Biblioteca Nacional Pedro Henríquez Ureña Biblioteca Nacional Pedro Henríquez Ureña En catalogación 23.05.2025 Depósito Legal editora Búho   BNPHU F-DS xxx L791 2025-6426 11.07.2025 11.07.2025 Folleto e. 3

Powered by Koha